Score 0/21 Timer 03:00
0 Plays Today
Clue Answer % Correct
4-Letter LadderRUNT
88.6%
4-Letter LadderRANT
86.3%
5-Letter LadderPAINT
84.8%
3-Letter LadderMEN
81.8%
5-Letter LadderFAINT
80.1%
3-Letter LadderMET
80%
4-Letter LadderRANK
74.8%
5-Letter LadderCLICK
71.8%
4-Letter LadderRACK
69.6%
3-Letter LadderSET
69.3%
5-Letter LadderFLINT
68.7%
Clue Answer % Correct
4-Letter LadderPACK
68.2%
5-Letter LadderCLINT
66.5%
5-Letter LadderCLINK
65.1%
5-Letter LadderPOINT
56.1%
3-Letter LadderSOT
52.6%
3-Letter LadderSOL
49.3%
4-Letter LadderPECK
46%
4-Letter LadderHUNT
41.5%
3-Letter LadderAOL
39.8%
3-Letter LadderMSN
27.2%

Today's Daily Dose

Remove Ads.
Support Sporcle.
Get the best of Sporcle when you Go Orange. This ad-free experience offers more features, more stats, and more fun while also helping to support Sporcle. Thank you for becoming a member.

You're not logged in!

Compare scores with friends on all Sporcle quizzes.
OR
Log In

Show Comments

Extras

Top Quizzes Today


Score Distribution

Your Account Isn't Verified!

In order to create a playlist on Sporcle, you need to verify the email address you used during registration. Go to your Sporcle Settings to finish the process.

Report this User

Report this user for behavior that violates our Community Guidelines.

Details: